000 00294nam a22001337a 4500
008 170821b xxu||||| |||| 00| 0 eng d
020 _a9780077228736
041 _aeng
080 _28 ED
_a51
100 _a51
101 _aMAT
245 _aCOLLEGE ALDEBRA
_cBYLEEN.B.Z
942 _2udc
_cBK
999 _c24250
_d24250